000 00432nam a22001697a 4500
005 20180703111515.0
008 160618b xxu||||| |||| 00| 0 eng d
020 _a81-7808-741-3
041 _aeng
082 _b8155
_a658
100 _aLevin, Richard L and Rubin, David S
_94429
245 _aStatistics for management
260 _aDelhi
_bPearson Education
_c2001
300 _a1026
650 _aManagement
_9241
942 _cBK
999 _c3109
_d3108